000 00897nam a2200229Ia 4500
001 658
003 GE_BSU
008 181216s||||||||xx |||||||||||||| ||und||
020 _a9789994069156
040 _cGE_BSU
080 _a336(075.8)+339.9239075.8)
100 _aკაკულია, რევაზ. ბახტაძე, ლელა. თუთბერიძე, გოჩა;
245 _aკორპორაციის ფინანსები.
245 _bსახელნძღვანელო
260 _aთბილისი
260 _bივ. ჯავახიშვილისსახ. თბილისის სახ. უნ-ტი
260 _c2008
300 _a487 გვ.
541 _h20ლ.
653 _aკორპორაციის ფინანსების სახელმძღვანელოები;
942 _cBK
999 _c34842
_d34842